Statistiques concernant Palmarès des Girondins De Bordeaux

Cliquez ici pour prendre le quiz!

Statistiques générales

  • Ce quiz a été pris 146 fois
  • Le résultat moyen est 4 sur 6

Statistiques - réponses

nombre de trophéesPalmarès% Correct
x4coupe de france
98%
x6ligue 1
96%
x3coupe de la ligue
93%
x3trophée des champions
68%
x1intertoto
38%
FinalUEFA
28%

Distribution des résultats

Percentile par nombre de réponses

% des personnes avec chaque résultat

Votre développement - résultats

Vous n’avez pas pris ce quiz